<?xml version="1.0" encoding="UTF-8"?><?xml-stylesheet type="text/xsl" href="static/style.xsl"?><OAI-PMH xmlns="http://www.openarchives.org/OAI/2.0/" xmlns:xsi="http://www.w3.org/2001/XMLSchema-instance" xsi:schemaLocation="http://www.openarchives.org/OAI/2.0/ http://www.openarchives.org/OAI/2.0/OAI-PMH.xsd"><responseDate>2026-04-17T03:16:29Z</responseDate><request verb="GetRecord" identifier="oai:www.recercat.cat:2099.1/19259" metadataPrefix="marc">https://recercat.cat/oai/request</request><GetRecord><record><header><identifier>oai:recercat.cat:2099.1/19259</identifier><datestamp>2025-07-22T18:57:18Z</datestamp><setSpec>com_2072_1033</setSpec><setSpec>col_2072_452951</setSpec></header><metadata><record xmlns="http://www.loc.gov/MARC21/slim" xmlns:dcterms="http://purl.org/dc/terms/" xmlns:xsi="http://www.w3.org/2001/XMLSchema-instance" xmlns:doc="http://www.lyncode.com/xoai" xsi:schemaLocation="http://www.loc.gov/MARC21/slim http://www.loc.gov/standards/marcxml/schema/MARC21slim.xsd">
   <leader>00925njm 22002777a 4500</leader>
   <datafield ind2=" " ind1=" " tag="042">
      <subfield code="a">dc</subfield>
   </datafield>
   <datafield ind2=" " ind1=" " tag="720">
      <subfield code="a">Muzás Pérez, Raúl</subfield>
      <subfield code="e">author</subfield>
   </datafield>
   <datafield ind2=" " ind1=" " tag="260">
      <subfield code="c">2013-04-23</subfield>
   </datafield>
   <datafield ind2=" " ind1=" " tag="520">
      <subfield code="a">El siguiente trabajo contempla el primer bloque sobre el proyecto final de carrera de una propuesta de rehabilitación de un edificio unifamiliar, emplazado en el municipio de Sant Andreu de Llavaneres en la provincia de Barcelona.&#xd;
Este primer bloque trata de definir los aspectos geográficos e históricos sobre el municipio y el edificio a tratar, se describirá y se definirá las características del estado actual del edificio, así como su funcionalidad, distribución, sistema constructivo y estructural.&#xd;
Realizaré una diagnosis del estado actual del edificio para definir las diversas patologías obtenidas, así como su propuesta de intervención para subsanarlas.&#xd;
También se realizará un estudio de la estructural para ver en qué estado se encuentra, y si hay que realizar alguna intervención.&#xd;
Todo el estado actual del edificio queda reflejado en los correspondientes planos adjuntos.&#xd;
La rehabilitación se realizará según las exigencias del Código Técnico de la Edificación, y la normativa actual de aplicación.</subfield>
   </datafield>
   <datafield tag="653" ind2=" " ind1=" ">
      <subfield code="a">Àrees temàtiques de la UPC::Edificació::Rehabilitació d'edificis</subfield>
   </datafield>
   <datafield tag="653" ind2=" " ind1=" ">
      <subfield code="a">Housing rehabilitation</subfield>
   </datafield>
   <datafield tag="653" ind2=" " ind1=" ">
      <subfield code="a">Farmhouses</subfield>
   </datafield>
   <datafield tag="653" ind2=" " ind1=" ">
      <subfield code="a">Rehabilitació de l'habitatge</subfield>
   </datafield>
   <datafield tag="653" ind2=" " ind1=" ">
      <subfield code="a">Masos, masies, etc -- Catalunya -- Sant Andreu de Llavaneres</subfield>
   </datafield>
   <datafield tag="653" ind2=" " ind1=" ">
      <subfield code="a">Can Cabot d'Amunt (Sant Andreu de Llavaneres, Catalunya)</subfield>
   </datafield>
   <datafield ind2="0" ind1="0" tag="245">
      <subfield code="a">Propuesta de rehabilitación de la masía Can Cabot de Munt en Sant Andreu de Llavaneres</subfield>
   </datafield>
</record></metadata></record></GetRecord></OAI-PMH>